Building inclusivity (Record no. 115943)

MARC details
000 -LEADER
fixed length control field 01101cam a2200229 4500
001 - CONTROL NUMBER
control field L159483
008 - FIXED-LENGTH DATA ELEMENTS--GENERAL INFORMATION
fixed length control field 040913n2016 000 0 eng u
035 ## - SYSTEM CONTROL NUMBER
System control number (Sirsi) u159483
041 ## - LANGUAGE CODE
Language code of text/sound track or separate title eng
110 2# - MAIN ENTRY--CORPORATE NAME
Corporate name or jurisdiction name as entry element Royal Institution of Chartered Surveyors
9 (RLIN) 4900
245 00 - TITLE STATEMENT
Title Building inclusivity
Remainder of title laying the foundations for the future
Medium [electronic resource]
260 ## - PUBLICATION, DISTRIBUTION, ETC.
Place of publication, distribution, etc. London
Name of publisher, distributor, etc. RICS
Date of publication, distribution, etc. 2016
300 ## - PHYSICAL DESCRIPTION
Extent 25p.
490 #0 - SERIES STATEMENT
Series statement RICS Research
520 ## - SUMMARY, ETC.
Summary, etc. Looks at all aspects of diversity and inclusion in the land, property and construction sector. The data was provided by UK firms who have signed up to RICS Inclusive Employer Quality Mark and are committed to changing their diversity profile. The data allows the sector to see how it measures up against other sectors and provides a baseline from which it can track its achievements.L159
650 24 - SUBJECT ADDED ENTRY--TOPICAL TERM
Topical term or geographic name entry element ABOUT RICS
650 24 - SUBJECT ADDED ENTRY--TOPICAL TERM
Topical term or geographic name entry element DIVERSITY
651 #4 - SUBJECT ADDED ENTRY--GEOGRAPHIC NAME
Geographic name United Kingdom
Chronological subdivision
710 1# - ADDED ENTRY--CORPORATE NAME
Corporate name or jurisdiction name as entry element Ernst & Young
9 (RLIN) 4001
856 48 - ELECTRONIC LOCATION AND ACCESS
Uniform Resource Identifier <a href="https://www.rics.org/Global/building_inclusivity_280616_rt.PDF">https://www.rics.org/Global/building_inclusivity_280616_rt.PDF</a>
Public note View the item free of charge from www.rics.org
942 ## - ADDED ENTRY ELEMENTS (KOHA)
Suppress in OPAC 0
Holdings
Withdrawn status Lost status Source of classification or shelving scheme Damaged status Not for loan Home library Current library Shelving location Date acquired Total Checkouts Full call number Barcode Date last seen Copy number Price effective from Koha item type
    Dewey Decimal Classification     London London RICS Boxes 01/08/2017   RICS 2016/11 30078451 06/08/2019 1 06/08/2019 Archive
    Dewey Decimal Classification     London London RICS Boxes 01/08/2017   RICS 2016/11 30078452 06/08/2019 2 06/08/2019 Reference material
    Dewey Decimal Classification     London London RICS Boxes 01/08/2017   RICS 2016/11 30078453 06/08/2019 3 06/08/2019 Reference material
    Dewey Decimal Classification     Virtual Virtual Online 02/08/2017   ONLINE PUBLICATION 159483-2001 06/08/2019 1 06/08/2019 Book